| 000 | 00684nam a2200205 a 4500 | ||
|---|---|---|---|
| 005 | 20131028064957.0 | ||
| 008 | 880108s1986 cau b 001 0 eng | ||
| 020 | _a0155767100 | ||
| 041 | 0 | _aeng | |
| 080 | _a323.27 | ||
| 245 | 0 | 0 |
_aRevolutions : _cedited by Jack A. Goldstone ; under the general editorship of Robert K. Merton. |
| 260 |
_aSan Diego : _bHarcourt Brace Jovanovich, _cc1986. |
||
| 300 |
_avi, 343 p. ; _c24 cm. |
||
| 500 | _aPreface : f. III - IV | ||
| 500 | _aIncludes index. | ||
| 504 | _aBibliography: p. [325]-330. | ||
| 650 | 0 |
_aRevolucionet _xRast studimi |
|
| 700 | 1 | _aGoldstone, Jack A. | |
| 942 |
_2udc _cBK |
||
| 999 |
_c166 _d166 |
||